Divertidas historias de las agudezas y astucias de Bertoldo, Bertoldino y Cacaseno / (Record no. 55219)

MARC details
000 -LEADER
campo de control de longitud fija 00688nam a2200205 i 4500
001 - NÚMERO DE CONTROL
campo de control 55219
003 - IDENTIFICADOR DE NÚMERO DE CONTROL
campo de control ES-MaACL
005 - FECHA Y HORA DE LA ÚLTIMA TRANSACCIÓN
campo de control 20230906163113.0
007 - CAMPO FIJO DE DESCRIPCIÓN FÍSICA--INFORMACIÓN GENERAL
campo de control de longitud fija t|
008 - DATOS DE LONGITUD FIJA--INFORMACIÓN GENERAL
campo de control de longitud fija 030916s1969 sp a |||| | spa d
080 ## - NÚMERO DE LA CLASIFICACIÓN DECIMAL UNIVERSAL
Número de la Clasificación Decimal Universal 821.131.1-3"15"
100 1# - ENTRADA PRINCIPAL--NOMBRE DE PERSONA
Nombre de persona Croce, Giulio Cesare.
9 (RLIN) 41659
245 10 - MENCIÓN DEL TÍTULO
Título Divertidas historias de las agudezas y astucias de Bertoldo, Bertoldino y Cacaseno /
Mención de responsabilidad, etc. Giulio Cesare della Croce.
250 ## - MENCION DE EDICION
Mención de edición Ed. il.
260 ## - PUBLICACIÓN, DISTRIBUCIÓN, ETC.
Lugar de publicación, distribución, etc. Barcelona :
Nombre del editor, distribuidor, etc. Millá,
Fecha de publicación, distribución, etc. [1969]
300 ## - DESCRIPCIÓN FÍSICA
Extensión 258 p. :
Otras características físicas il. ;
Dimensiones 16 cm.
594 ## - Nota al título y mención de responsabilidad
Nota al título y mención de responsabilidad "La Historia de Cacaseno" la escribió Adriano Banchieri (Camillo Scallieri, seud.)
700 1# - ENTRADA AGREGADA--NOMBRE PERSONAL
Nombre de persona Banchieri, Adriano.
9 (RLIN) 25162
852 ## - LOCALIZACIÓN
Ubicación ES-MaACL
Número de control de estantería C-36728
Holdings
Estatus retirado Estado de pérdida Estado de daño No para préstamo Biblioteca de origen Biblioteca actual Ubicación en estantería Fecha de adquisición Fuente de adquisición Total de préstamos Signatura topográfica completa Código de barras Visto por última vez Precio de reemplazo Tipo de ítem Koha
        Biblioteca del Ateneo de Madrid Biblioteca del Ateneo de Madrid Depósito 2 17/01/2008     C-36728 1058019 23/02/2023 23/02/2023 Libro impreso